| 000 | 003860000a22001450004500 | ||
|---|---|---|---|
| 003 | LK-CoMWRAF | ||
| 005 | 20240131220905.0 | ||
| 008 | 230817t ||||| |||| 00| 0 eng d | ||
| 040 |
_aLK-CoMWRAF _dLK-CoMWRAF _eLK-CoMWRAF |
||
| 041 | _aeng | ||
| 245 | _aSilver jubilee Lawyers' Directory-2000 | ||
| 260 |
_aColombo : _bBar Association of Sri Lanka, _c2000 |
||
| 300 | _a82 p. | ||
| 942 | _cBK | ||
| 999 |
_c268 _d268 |
||